000 00308nam a2200121Ia 4500
008 220204s9999 xx 000 0 und d
082 _a547
_bNES.2
100 _aNesmeyanov, A N
245 0 _aFundamentals of organic chemistry. V 2
260 _aMoscow
_bMir
_c1977
700 _aNesmeyanov, N A
942 _cBK
999 _c26143
_d26143